[Event "35. DSenEM 65+"]
[Site "Bad Wildungen"]
[Date "2023.07.25"]
[Round "9.14"]
[White "Kyas, Juergen"]
[Black "Steinmacher, Josef"]
[Result "1-0"]
[WhiteElo "2139"]
[BlackElo "1949"]
[Annotator "hugo5"]
[PlyCount "40"]
[EventDate "2023.??.??"]
[WhiteTeam "SV Eiche Reichenbrand"]
[BlackTeam "SF Bad Mergentheim"]

{[%evp 0,20,28,20,67,67,47,43,43,43,43,40,39,39,102,87,94,80,73,82,117,89,86]} 1. e4 Nf6 2. e5 Nd5 3. d4 d6 4. Nf3 Bf5 5. Bd3 Bxd3 6. Qxd3 Qd7 7. c4 Nb6 8. O-O e6 9. Nc3 Be7 10. Bf4 Nc6 11. exd6 cxd6 12. Rad1 O-O 13. Rfe1 Rac8 14. b3 Rfe8 15. Ng5 Bxg5 16. Bxg5 h6 17. Bc1 Qe7 18. Qg3 Kh7 19. Ba3 e5 20. dxe5 Nxe5 1-0

[Event "35. DSenEM 65+"]
[Site "Bad Wildungen"]
[Date "2023.07.25"]
[Round "9.15"]
[White "Babrikowski, Peter"]
[Black "Schaefer, Martin"]
[Result "1-0"]
[WhiteElo "2127"]
[BlackElo "1929"]
[Annotator "hugo5"]
[PlyCount "151"]
[EventDate "2023.??.??"]
[WhiteTeam "SV Schott Jena"]
[BlackTeam "SG Ennepe-Ruhr-Sued e.V."]

{[%evp 0,41,15,8,61,61,61,15,9,33,33,27,27,-12,-9,-5,-31,-22,-22,-14,-9,-63,-52,-74,-74,-126,-126,-132,-148,-118,-76,-138,-69,-69,8,0,0,0,19,19,36,22,22,22]} 1. e4 c5 2. Nf3 e6 3. c3 Nf6 4. e5 Nd5 5. d4 cxd4 6. Qxd4 Nc6 7. Qe4 f5 8. exf6 Nxf6 9. Qh4 e5 10. Bg5 Be7 11. Bd3 d5 12. Bc2 e4 13. Nd4 O-O 14. Bb3 Kh8 15. Na3 Bxa3 16. bxa3 Qa5 17. O-O Bd7 18. Rad1 Rac8 19. c4 dxc4 20. Bxc4 Nxd4 21. Rxd4 Bf5 22. Rfd1 h6 23. h3 Bh7 24. Bc1 Rcd8 25. Bb2 Rxd4 26. Rxd4 Qb6 27. Bb3 a5 28. Qf4 Qc5 29. Rd6 Qf5 30. Qxf5 Bxf5 31. Rb6 Bc8 32. Kf1 Kh7 33. Ke2 Kg6 34. Rb5 Nh5 35. Bc2 Nf4+ 36. Kd1 Rd8+ 37. Kc1 Re8 38. f3 Nd3+ 39. Kd2 Nxb2 40. Bxe4+ Rxe4 41. fxe4 Nc4+ 42. Kd3 Be6 43. Rxb7 Kf6 44. Rb5 a4 45. Rb4 Ne5+ 46. Ke3 Bd7 47. Rb6+ Ke7 48. Kd4 Nf7 49. Rg6 Kf8 50. Kd5 Be8 51. Ra6 Ke7 52. e5 Nd8 53. Ra7+ Bd7 54. Ke4 Ne6 55. Kf5 Nf8+ 56. Ke4 g6 57. h4 Ne6 58. g3 Nc5+ 59. Kd5 Ne6 60. Rb7 g5 61. Rb8 Nd8 62. Rb6 gxh4 63. gxh4 Be6+ 64. Ke4 h5 65. Ra6 Bd7 66. Ra7 Ne6 67. Kf5 Nf8+ 68. Kg5 Ke6 69. Ra8 Kf7 70. Kxh5 Ng6 71. Ra5 Be8 72. Kg5 Ne7 73. h5 Ke6 74. h6 Nc6 75. h7 Nxe5 76. Rxe5+ 1-0

[Event "35. DSenEM 65+"]
[Site "Bad Wildungen"]
[Date "2023.07.25"]
[Round "9.16"]
[White "Neumann, Joachim"]
[Black "Partenheimer, Axel"]
[Result "1/2-1/2"]
[WhiteElo "2032"]
[BlackElo "2123"]
[PlyCount "22"]
[EventDate "2023.??.??"]
[WhiteTeam "SC Agon Neumuenster"]
[BlackTeam "Duesseldorfer Schachklub 14/25 e"]

1. Nf3 c5 2. c4 Nc6 3. Nc3 g6 4. g3 Bg7 5. Bg2 e6 6. e3 Nge7 7. O-O O-O 8. d4 cxd4 9. Nxd4 d5 10. cxd5 Nxd4 11. exd4 Nxd5 1/2-1/2

[Event "35. DSenEM 65+"]
[Site "Bad Wildungen"]
[Date "2023.07.25"]
[Round "9.17"]
[White "Krien, Hartmut"]
[Black "Heinemann, Ernst"]
[Result "0-1"]
[WhiteElo "1943"]
[BlackElo "2100"]
[Annotator "hugo5"]
[PlyCount "78"]
[EventDate "2023.??.??"]
[WhiteTeam "Schachklub Heidenau"]
[BlackTeam "SK Union Oldenburg"]

{[%evp 0,33,15,5,63,65,60,24,85,76,100,88,70,12,11,-9,0,-72,22,25,14,-6,-19,-19,1,-5,-28,-23,-11,-55,-50,-53,-10,-13,-25,-49]} 1. e4 c6 2. Nf3 d5 3. Nc3 g6 4. d4 Bg7 5. e5 Nh6 6. Bg5 f6 7. exf6 exf6 8. Qe2+ Qe7 9. Qxe7+ Kxe7 10. Be3 Bg4 11. O-O-O Re8 12. Re1 Kf7 13. Bd3 Nf5 14. h3 Bxf3 15. gxf3 Nxe3 16. fxe3 f5 17. Nd1 Nd7 18. c3 Nf6 19. Nf2 Bh6 20. Kd2 Re7 21. Bc2 Rae8 22. f4 g5 23. Bxf5 gxf4 24. Ng4 fxe3+ 25. Ke2 Bf4 26. Bxh7 Nxh7 27. Ref1 Re4 28. Ne5+ R8xe5 29. dxe5 Ke6 30. Rhg1 Bxe5 31. Rf3 Nf6 32. Rg7 Nh5 33. Rg6+ Ke7 34. Rh6 Nf4+ 35. Ke1 e2 36. Rg3 d4 37. Rh7+ Kf8 38. cxd4 Rxd4 39. Rg1 Rd1+ 0-1

[Event "35. DSenEM 65+"]
[Site "Bad Wildungen"]
[Date "2023.07.25"]
[Round "9.18"]
[White "Schober, Ralf"]
[Black "Rache, Ralf"]
[Result "1/2-1/2"]
[WhiteElo "2089"]
[BlackElo "1910"]
[Annotator "hugo5"]
[PlyCount "140"]
[EventDate "2023.??.??"]
[WhiteTeam "SV 1919 Grimma"]
[BlackTeam "Aachener Schachverein 1856 e. V."]

{[%evp 0,34,15,11,97,5,29,0,40,37,15,14,7,-19,-19,-19,-3,-20,1,1,5,-26,9,-38,-13,-26,-30,-64,-75,-82,-20,-35,-20,-33,-27,-49,-49]} 1. e4 g6 2. f4 Bg7 3. Nf3 c5 4. Nc3 Nc6 5. Bb5 Nd4 6. Nxd4 cxd4 7. Ne2 a6 8. Bd3 d6 9. O-O Nf6 10. Qe1 e5 11. Ng3 O-O 12. fxe5 dxe5 13. Bc4 b5 14. Bb3 Qb6 15. d3 Be6 16. Bd2 a5 17. Bxe6 fxe6 (17... Qxe6) 18. Kh1 b4 19. Qe2 Rac8 20. Rfc1 Rc7 21. c4 Nd7 22. Rf1 Nc5 23. Rxf8+ Kxf8 24. Rf1+ Rf7 25. Rxf7+ Kxf7 26. Qf3+ Kg8 27. Kg1 Qb7 28. Ne2 Qd7 29. b3 Qb7 30. Nc1 Qc7 31. Kf2 Qf7 32. Bg5 Qd7 33. Ke1 h6 34. Bh4 Qf7 35. Qxf7+ Kxf7 36. Bd8 Nb7 37. Bh4 Nc5 38. Bd8 Nb7 39. Bb6 Bf8 40. Bc7 Bd6 41. Bxd6 Nxd6 42. Ne2 Nb7 43. Kd2 Nc5 44. Kc2 Ke7 45. Ng1 Kd6 46. Nf3 Nd7 47. h3 Kc5 48. Kd2 Kd6 49. Ke2 Nc5 50. Kd2 Nd7 51. Kc2 Kc6 52. Nh2 Nf6 53. Kd2 Kd6 54. Ke2 Nd7 55. Ng4 h5 56. Nh2 Nc5 57. Kd2 Ke7 58. Nf3 Kf6 59. h4 Nd7 60. Kc2 Nc5 61. Nd2 Ke7 62. Nf3 Kf6 63. Ne1 Ke7 64. Kd2 Kf7 65. Ke2 Ke7 66. Nf3 Kf6 67. Kd2 Nd7 68. c5 Nxc5 69. Kc2 Nd7 70. Nd2 Nb8 1/2-1/2

[Event "35. DSenEM 65+"]
[Site "Bad Wildungen"]
[Date "2023.07.25"]
[Round "9.19"]
[White "Zimmermann, Rolf"]
[Black "Fleischer, Matthias"]
[Result "1-0"]
[WhiteElo "2067"]
[BlackElo "1849"]
[Annotator "hugo5"]
[PlyCount "119"]
[EventDate "2023.??.??"]
[WhiteTeam "Duesseldorfer Schachklub 14/25 e"]
[BlackTeam "SF Schwerin"]

{[%evp 0,2,15,11,44]} 1. c4 Nf6 2. d4 g6 3. Nc3 Bg7 4. e4 d6 5. f3 O-O 6. Be3 Nbd7 7. Qd2 Re8 8. h4 e5 9. d5 Nh5 10. Nge2 Nf8 11. g4 Nf6 12. h5 a6 13. Ng3 c5 14. dxc6 bxc6 15. O-O-O d5 16. cxd5 cxd5 17. Nxd5 Nxd5 18. Qxd5 Qc7+ 19. Kb1 Be6 20. Qc5 Qb7 21. Qb6 Reb8 22. Qxb7 Rxb7 23. g5 Nd7 24. Rh2 Bf8 25. Rc1 a5 26. Bc4 Bc5 27. Nf1 Bxc4 28. Rxc4 Bb4 29. h6 Nb6 30. Bxb6 Rxb6 31. Rhc2 Rbb8 32. Rc7 Be1 33. Ne3 Bh4 34. Rg2 Rc8 35. Rxc8+ Rxc8 36. Nd5 Rd8 37. Kc2 Kf8 38. Kb3 Ke8 39. Nf6+ Ke7 40. Nxh7 Rd3+ 41. Ka4 Rd8 42. Nf6 Ke6 43. h7 Bxg5 44. Rxg5 Kxf6 45. Rg2 Kg7 46. Rh2 Kh8 47. Kb5 f5 48. a3 Rd3 49. Rf2 fxe4 50. fxe4 Re3 51. Kxa5 Rxe4 52. b4 Rf4 53. Re2 e4 54. b5 g5 55. b6 Kxh7 56. b7 Rf8 57. Rxe4 Kg6 58. a4 Kf5 59. Re7 Kg4 60. Kb6 1-0

[Event "35. DSenEM 65+"]
[Site "Bad Wildungen"]
[Date "2023.07.25"]
[Round "9.21"]
[White "Gollasch, Theo-Heinz"]
[Black "Mann, Klaus-Dieter"]
[Result "1/2-1/2"]
[WhiteElo "1997"]
[BlackElo "1908"]
[Annotator "hugo5"]
[PlyCount "82"]
[EventDate "2023.??.??"]
[WhiteTeam "Hamburger SK von 1830 eV"]
[BlackTeam "SV Osnabrueck von 1919"]

{[%evp 0,55,19,19,26,3,23,4,4,4,30,28,22,41,32,36,36,31,25,21,43,21,32,17,41,-32,41,-52,-36,-2,43,48,59,59,67,67,45,56,56,56,88,40,40,12,4,-8,0,1,16,-4,-4,-26,-33,-44,-44,-82,-92,-146]} 1. Nf3 Nf6 2. g3 g6 3. Bg2 Bg7 4. d4 d6 5. c4 O-O 6. Nc3 c6 7. O-O Nbd7 8. Qc2 Re8 9. Rd1 Qc7 10. b3 e5 11. Ba3 Bf8 12. Rd2 h6 13. Rad1 e4 14. Nh4 d5 15. Bxf8 Nxf8 16. cxd5 g5 17. Nxe4 Nxe4 18. Bxe4 gxh4 19. dxc6 Re7 20. cxb7 Bxb7 21. Bxb7 Qxb7 22. d5 hxg3 23. hxg3 Rd8 24. Kg2 Rd6 25. Qc5 Qd7 26. f3 f5 27. Qd4 Ng6 28. f4 Re4 29. Qc3 Qe7 30. Qc8+ Qf8 31. Qxf8+ Kxf8 32. Rc1 Ne7 33. Rc5 Rb4 34. Kf3 a6 35. Rd3 Ke8 36. Rc4 Rb5 37. e4 fxe4+ 38. Kxe4 Rbxd5 39. Rxd5 Rxd5 40. Ra4 a5 41. g4 Rb5 1/2-1/2

[Event "35. DSenEM 65+"]
[Site "Bad Wildungen"]
[Date "2023.07.25"]
[Round "9.22"]
[White "Wolff, Stefan"]
[Black "Zuehlke, Burkhard"]
[Result "1-0"]
[WhiteElo "1906"]
[BlackElo "1980"]
[Annotator "hugo5"]
[PlyCount "55"]
[EventDate "2023.??.??"]
[WhiteTeam "SchVgg Blankenese von 1923 e.V."]
[BlackTeam "SGem 1882 Fuerth"]

{[%evp 0,55,19,-23,0,2,33,33,35,33,33,8,12,13,34,18,16,10,82,75,66,66,110,67,72,46,128,45,118,127,110,134,173,115,115,115,115,77,92,18,-15,-44,135,20,20,63,64,2,379,384,381,368,368,383,377,380,1200,1243]} 1. c4 Nf6 2. d4 g6 3. Nc3 Bg7 4. e4 d6 5. f3 O-O 6. Be3 a6 7. Qd2 Nbd7 8. O-O-O b5 9. cxb5 axb5 10. Bxb5 Nb6 11. Bh6 Bd7 12. Bd3 Na4 13. Nge2 c5 14. Bxg7 Kxg7 15. e5 Ng8 16. exd6 cxd4 17. Nxd4 Qb6 18. Nde2 Rfc8 19. Be4 Rab8 20. dxe7 Nxb2 21. Qd4+ Nf6 22. Qxb6 Rxb6 23. Rd2 Nxe4 24. fxe4 Na4 25. Rxd7 Nxc3 26. Nxc3 Rxc3+ 27. Kd2 Rbc6 28. e8=Q 1-0

[Event "35. DSenEM 65+"]
[Site "Bad Wildungen"]
[Date "2023.07.25"]
[Round "9.23"]
[White "Lehr, Thomas"]
[Black "Hilbig, Dieter"]
[Result "1/2-1/2"]
[WhiteElo "1937"]
[BlackElo "1830"]
[PlyCount "27"]
[EventDate "2023.??.??"]
[WhiteTeam "Husumer SV von 1898"]
[BlackTeam "ESV Gera"]

1. e4 c5 2. c3 d5 3. exd5 Nf6 4. d4 cxd4 5. Qxd4 Qxd5 6. Nf3 Nc6 7. Qxd5 Nxd5 8. Bc4 Nb6 9. Bb3 Bf5 10. O-O e6 11. Re1 Bc5 12. Na3 O-O 13. Nc4 Nxc4 14. Bxc4 1/2-1/2

[Event "35. DSenEM 65+"]
[Site "Bad Wildungen"]
[Date "2023.07.25"]
[Round "9.24"]
[White "Polster, Wolfgang"]
[Black "Seidel, Arnold"]
[Result "1-0"]
[WhiteElo "2223"]
[BlackElo "1906"]
[PlyCount "41"]
[EventDate "2023.??.??"]
[WhiteTeam "SV 03/25 Koblenz"]
[BlackTeam "SV Kali Wolmirstedt"]

1. c4 e5 2. Nc3 Nf6 3. e3 Nc6 4. a3 d5 5. cxd5 Nxd5 6. Qc2 a6 7. Nf3 Nf6 8. b4 h6 9. Bb2 Bd6 10. Be2 O-O 11. O-O Re8 12. d3 Bg4 13. Rfd1 Qe7 14. h3 Bd7 15. Nd2 Rac8 16. Bf3 g5 17. Nd5 Nxd5 18. Bxd5 Nd8 19. d4 Kg7 20. Nc4 Be6 21. dxe5 1-0

[Event "35. DSenEM 65+"]
[Site "Bad Wildungen"]
[Date "2023.07.25"]
[Round "9.25"]
[White "Haelsig, Guenter"]
[Black "Rosen, Willy"]
[Result "1/2-1/2"]
[WhiteElo "1894"]
[BlackElo "2100"]
[PlyCount "25"]
[EventDate "2023.??.??"]
[WhiteTeam "USV Potsdam e.V., Abt. Schach"]
[BlackTeam "Schachfreunde Essen-Katernberg"]

1. Nf3 c5 2. b3 d6 3. d4 cxd4 4. Nxd4 Nc6 5. Bb2 Nf6 6. g3 e5 7. Nxc6 bxc6 8. c4 Qc7 9. Bg2 d5 10. cxd5 cxd5 11. O-O Bb7 12. Qd2 Rd8 13. Qg5 1/2-1/2

[Event "35. DSenEM 65+"]
[Site "Bad Wildungen"]
[Date "2023.07.25"]
[Round "9.26"]
[White "Launert, Martin"]
[Black "Schmidt, Gerhard"]
[Result "1-0"]
[WhiteElo "1849"]
[BlackElo "2071"]
[PlyCount "107"]
[EventDate "2023.??.??"]
[WhiteTeam "Sfr. Erbach"]
[BlackTeam "Schachverein Kreuztal e. V."]

1. e4 c5 2. Nf3 d6 3. d4 cxd4 4. Nxd4 Nf6 5. Nc3 a6 6. f3 e5 7. Nb3 Be6 8. Be3 h5 9. a4 Nbd7 10. Nd5 Nxd5 11. exd5 Bf5 12. Bd3 Bxd3 13. Qxd3 Rc8 14. O-O Be7 15. Nd2 O-O 16. c4 a5 17. Qf5 g6 18. Qd3 b6 19. Ne4 f5 20. Nc3 Nc5 21. Qc2 Bg5 22. Bf2 Rc7 23. Nb5 Rg7 24. Qc3 Rf6 25. Ra3 Bh6 26. b4 axb4 27. Qxb4 g5 28. Bxc5 dxc5 29. Qe1 e4 30. fxe4 fxe4 31. Rxf6 Qxf6 32. Re3 Rf7 33. Rxe4 g4 34. Re6 Bd2 35. Rxf6 Bxe1 36. Rxf7 Kxf7 37. Kf1 Bd2 38. Ke2 Bf4 39. h3 gxh3 40. gxh3 h4 41. Kf3 Bg3 42. Ke4 Kf6 43. Na7 Be1 44. Nc6 Bc3 45. Nd8 Ke7 46. Ne6 Kd7 47. Ng5 Bf6 48. Kf5 Be7 49. Kg4 Kc7 50. Kxh4 Kb7 51. Kg4 Ka6 52. Ne4 Ka5 53. d6 Bd8 54. h4 1-0

[Event "35. DSenEM 65+"]
[Site "Bad Wildungen"]
[Date "2023.07.25"]
[Round "9.27"]
[White "Zimmermann, Manfred"]
[Black "Biller, Helmut"]
[Result "1/2-1/2"]
[WhiteElo "1888"]
[BlackElo "1980"]
[Annotator "hugo5"]
[PlyCount "85"]
[EventDate "2023.??.??"]
[WhiteTeam "Kieler Schachgesellschaft v.1884"]
[BlackTeam "SF Frankfurt 1921"]

{[%evp 0,58,14,30,29,17,46,37,41,41,33,9,9,9,2,-7,16,8,21,-7,-6,1,1,-3,8,-6,-2,-9,-9,-32,-20,-20,-19,-68,-8,-6,51,-12,-2,-46,31,13,18,18,34,34,26,21,0,10,28,-24,-24,-24,-24,-22,0,0,0,0,0]} 1. d4 Nf6 2. Bf4 d6 3. e3 g6 4. Nf3 Bg7 5. Be2 O-O 6. Nbd2 Nbd7 7. e4 e6 8. O-O Qe7 9. Bg5 h6 10. Bh4 g5 11. Bg3 Nh5 12. c3 Nxg3 13. hxg3 b6 14. Bd3 Bb7 15. Qe2 c5 16. e5 d5 17. Nh2 f6 18. f4 cxd4 19. cxd4 fxe5 20. fxe5 Rxf1+ 21. Rxf1 Rf8 22. Rc1 Nb8 23. Qh5 Qf7 24. Qe2 Qe7 25. Rf1 Rxf1+ 26. Nhxf1 Nc6 27. Nb3 Nb4 28. Bb1 Ba6 29. Qd1 Qf7 30. a3 Qxf1+ 31. Qxf1 Bxf1 32. Kxf1 Nc6 33. Ke2 Kf7 34. g4 Bf8 35. Bd3 Nb8 36. Nc1 a6 37. Kd2 Be7 38. Kc2 Bd8 39. b4 b5 40. Nb3 Bb6 41. Nc5 Bxc5 42. bxc5 Ke7 43. Be2 1/2-1/2

[Event "35. DSenEM 65+"]
[Site "Bad Wildungen"]
[Date "2023.07.25"]
[Round "9.28"]
[White "Prause, Dieter"]
[Black "Walther, Reinhard"]
[Result "0-1"]
[WhiteElo "1779"]
[BlackElo "1953"]
[Annotator "hugo5"]
[PlyCount "62"]
[EventDate "2023.??.??"]
[WhiteTeam "Schachklub Delbrueck"]
[BlackTeam "SK 1911 Herzogenaurach e.V."]

{[%evp 0,13,29,15,71,71,64,67,81,77,80,71,71,57,59,57]} 1. Nf3 c6 2. e4 d6 3. d4 Nf6 4. Nc3 g6 5. h3 Bg7 6. Be3 O-O 7. Qd2 b5 8. Bd3 Nbd7 9. a4 b4 10. Ne2 Qa5 11. b3 c5 12. O-O Bb7 13. Ng3 Rfd8 14. Rad1 d5 15. e5 Ne4 16. Bxe4 dxe4 17. Ng5 Nxe5 18. N5xe4 cxd4 19. Bh6 Nc6 20. Bxg7 Kxg7 21. Qf4 Qd5 22. Qc7 Rd7 23. Qf4 Rad8 24. Rd2 f5 25. Nc5 Ne5 26. f3 h6 27. Rxd4 g5 28. Nxf5+ Kf6 29. Qxg5+ Kxg5 30. Rxd5 Rxd5 31. Nxe7 Rxc5 0-1

[Event "35. DSenEM 65+"]
[Site "Bad Wildungen"]
[Date "2023.07.25"]
[Round "9.29"]
[White "Ehlert, Horst"]
[Black "Nemoj, Ilja"]
[Result "0-1"]
[WhiteElo "2001"]
[BlackElo "1792"]
[PlyCount "89"]
[EventDate "2023.??.??"]
[WhiteTeam "SV Laatzen"]
[BlackTeam "Schachverein Horst-Emscher 31"]

1. d4 e6 2. e4 Nf6 3. e5 Nd5 4. c4 Ne7 5. Nf3 Ng6 6. Nc3 d5 7. Be3 dxc4 8. Bxc4 c6 9. O-O Nd7 10. Ne4 Nb6 11. Bb3 Nd5 12. Bg5 Qc7 13. a3 h6 14. Bd2 Be7 15. Rc1 O-O 16. Qc2 Bd7 17. Ba2 Rac8 18. Bb1 Rfd8 19. h4 Be8 20. h5 Nf8 21. Rfe1 f5 22. exf6 Bxf6 23. Nc5 Qf7 24. Nxe6 Nxe6 25. Rxe6 Qxe6 26. Re1 Qf7 27. Ne5 Bxe5 28. dxe5 Bd7 29. Qh7+ Kf8 30. f4 Ne7 31. Qe4 Bf5 32. Qe3 Bxb1 33. Rxb1 Nf5 34. Bb4+ Kg8 35. Qxa7 Rd5 36. Re1 Re8 37. g4 Nh4 38. Qf2 Nf5 39. gxf5 Qxf5 40. Bc5 Qd3 41. Qg2 Qf5 42. Qf2 Qd3 43. Qd4 Qb3 44. Kh1 Qh3+ 45. Kg1 0-1

[Event "35. DSenEM 65+"]
[Site "Bad Wildungen"]
[Date "2023.07.25"]
[Round "9.30"]
[White "Brock, Friedemann"]
[Black "Lekakh, Mikhail"]
[Result "1-0"]
[WhiteElo "2175"]
[BlackElo "1804"]
[PlyCount "91"]
[EventDate "2023.??.??"]
[WhiteTeam "TSG 1861 Taucha"]
[BlackTeam "Oberbilker Schachverein 1960"]

1. d4 Nf6 2. c4 e6 3. g3 d5 4. Bg2 c6 5. Qc2 Nbd7 6. Nf3 Be7 7. O-O Ne4 8. Nc3 Nxc3 9. Qxc3 h5 10. h4 Nf6 11. Ng5 Nh7 12. Nxh7 Rxh7 13. e4 dxc4 14. Qxc4 g5 15. hxg5 Bxg5 16. d5 Bxc1 17. Raxc1 Bd7 18. Qd3 e5 19. Qc3 f6 20. f4 Qb6+ 21. Rf2 h4 22. fxe5 h3 23. Bh1 h2+ 24. Kf1 Qb5+ 25. Ke1 O-O-O 26. e6 Be8 27. Qc5 Qxc5 28. Rxc5 Rh6 29. Rcc2 Rg6 30. Rxh2 Rxg3 31. Kf2 Rg5 32. Rh6 Kc7 33. Rxf6 Kd6 34. Rf8 Ke7 35. Rh8 Rg7 36. Ke3 Kd6 37. Rf2 Rg3+ 38. Kf4 Rg7 39. Rg2 Rxg2 40. Bxg2 cxd5 41. exd5 a5 42. Be4 a4 43. Bg6 Kxd5 44. Rxe8 Rd6 45. Kf5 Rb6 46. Rd8+ 1-0

[Event "35. DSenEM 65+"]
[Site "Bad Wildungen"]
[Date "2023.07.25"]
[Round "9.31"]
[White "Hartstock, Elmar"]
[Black "Tuertmann, Dieter"]
[Result "0-1"]
[WhiteElo "1831"]
[BlackElo "1953"]
[Annotator "hugo5"]
[PlyCount "150"]
[EventDate "2023.??.??"]
[WhiteTeam "SC Ansbach 1855 e.V."]
[BlackTeam "ESV 1949 Eberswalde e.V."]

{[%evp 0,54,15,26,33,12,12,11,33,11,13,6,12,22,12,3,32,20,41,-6,30,38,58,31,63,63,77,81,78,81,81,51,67,40,77,58,55,55,55,48,59,53,67,61,82,39,27,23,45,40,40,30,113,76,73,79,100]} 1. d4 Nf6 2. c4 e6 3. Nf3 b6 4. g3 Be7 5. Bg2 Bb7 6. O-O O-O 7. b3 d6 8. Nc3 Nbd7 9. Re1 a6 10. e4 h6 11. Qc2 c5 12. d5 e5 13. h3 Nh7 14. h4 Bc8 15. Bh3 Re8 16. Kg2 Bf8 17. Be3 Ndf6 18. Bxc8 Qxc8 19. Nh2 Qd7 20. a4 Rab8 21. Qe2 Kh8 22. f4 exf4 23. Bxf4 Re7 24. Qf3 Rbe8 25. Re2 Qc7 26. Rae1 Nd7 27. Ng4 f6 28. Bd2 h5 29. Nf2 g6 30. Nd3 Bg7 31. Qf2 Ne5 32. Nf4 Nf8 33. Qf1 Kh7 34. Re3 Qd7 35. Nd1 Bh6 36. Bc3 Ng4 37. R3e2 Bg7 38. Nf2 Nh6 39. N2d3 b5 40. axb5 axb5 41. Qf2 bxc4 42. bxc4 Qa4 43. Nxc5 Qxc4 44. Qd4 Qxc5 45. Qxc5 dxc5 46. Kf3 Rd7 47. Rb1 Nf7 48. Rb5 Rc8 49. Rc2 Nd6 50. Ra5 Nc4 51. Ra6 Ne5+ 52. Bxe5 fxe5 53. Nd3 c4 54. Nb4 Rb7 55. Nc6 Rb3+ 56. Kf2 c3 57. Ra7 Rb2 58. Rxb2 cxb2 59. Rb7 Nd7 60. Rxb2 Nc5 61. Kf3 Rf8+ 62. Ke2 Nxe4 63. Rb3 Nd6 64. Rb8 Rxb8 65. Nxb8 Kg8 66. Nd7 Kf7 67. Nc5 Kf6 68. Kf3 Kf5 69. Ke3 Bh6+ 70. Kf2 e4 71. Na4 Ke5 72. Nc3 Kd4 73. Ne2+ Kxd5 74. Nf4+ Bxf4 75. gxf4 Nf5 0-1

[Event "35. DSenEM 65+"]
[Site "Bad Wildungen"]
[Date "2023.07.25"]
[Round "9.32"]
[White "Vasiljev, Jurij"]
[Black "Abel, Hans-Peter"]
[Result "1-0"]
[WhiteElo "1953"]
[BlackElo "1761"]
[PlyCount "80"]
[EventDate "2023.??.??"]
[WhiteTeam "Schachfreunde Moers e. V."]
[BlackTeam "SC Leinfelden"]

1. c4 Nf6 2. Nc3 c5 3. g3 Nc6 4. Bg2 g6 5. e3 Bg7 6. d4 cxd4 7. exd4 d6 8. Nf3 O-O 9. d5 Nb8 10. O-O h6 11. Be3 Nbd7 12. b4 Ng4 13. Bd4 Nge5 14. Nxe5 dxe5 15. Be3 f5 16. Rc1 Nf6 17. h3 g5 18. f4 Nh7 19. Kh2 Qe8 20. Nb5 Qd7 21. d6 e4 22. dxe7 Rf7 23. e8=Q+ Qxe8 24. Nd6 Qe7 25. Nxf7 Kxf7 26. Qh5+ Kg8 27. Bc5 Qf7 28. Qxf7+ Kxf7 29. fxg5 Nxg5 30. h4 Nf3+ 31. Bxf3 exf3 32. Rxf3 Be6 33. Bd6 b6 34. g4 Kg6 35. gxf5+ Bxf5 36. Rg1+ Kf6 37. Rxf5+ Kxf5 38. Rxg7 a5 39. b5 Rc8 40. Bc7 Re8 1-0

[Event "35. DSenEM 65+"]
[Site "Bad Wildungen"]
[Date "2023.07.25"]
[Round "9.33"]
[White "Krum, Beate"]
[Black "Allgaier, Erik"]
[Result "1/2-1/2"]
[WhiteElo "1717"]
[BlackElo "1925"]
[PlyCount "33"]
[EventDate "2023.??.??"]
[WhiteTeam "SG Heidelberg-Kirchheim"]
[BlackTeam "Schachclub Hans Clauert Trebbin"]

1. d4 d6 2. c4 g6 3. e4 Bg7 4. Nc3 Nc6 5. Be3 e5 6. d5 Nce7 7. Qc2 f5 8. f3 Nf6 9. Nge2 O-O 10. Rc1 c5 11. dxc6 bxc6 12. Rd1 Be6 13. Bc5 fxe4 14. Rxd6 Qc8 15. Nxe4 Nf5 16. Nxf6+ Bxf6 17. Rd1 1/2-1/2

[Event "35. DSenEM 65+"]
[Site "Bad Wildungen"]
[Date "2023.07.25"]
[Round "9.34"]
[White "Bischoff, Ulrich"]
[Black "Wulf, Adalbert"]
[Result "1-0"]
[WhiteElo "1912"]
[BlackElo "1833"]
[PlyCount "119"]
[EventDate "2023.??.??"]
[WhiteTeam "Sfr. Erbach"]
[BlackTeam "Schachverein Ennigerloh-Oelde"]

1. d4 c6 2. c4 d5 3. Nf3 Nf6 4. g3 g6 5. Bg2 Bg7 6. O-O O-O 7. Qb3 Nbd7 8. Nc3 Qb6 9. Rd1 Qxb3 10. axb3 dxc4 11. bxc4 Nb6 12. b3 Bf5 13. Ne1 a6 14. e4 Bd7 15. Be3 Nc8 16. Nd3 Ng4 17. Nc5 Nxe3 18. fxe3 Bg4 19. Rd3 Nb6 20. Nxb7 e5 21. h3 Bc8 22. Na5 Bd7 23. c5 Nc8 24. d5 Na7 25. dxc6 Bxc6 26. Nxc6 Nxc6 27. Nd5 Ra7 28. b4 Rb8 29. Rb3 Bf8 30. Rab1 Rab7 31. Bf1 Ra7 32. b5 axb5 33. Rxb5 Rxb5 34. Rxb5 Ra5 35. Nf6+ Kg7 36. Nd7 Ra7 37. Nxf8 Kxf8 38. Rb6 Rc7 39. Rb5 Ke7 40. Bc4 Na7 41. Ra5 Nc6 42. Rb5 Na7 43. Rb6 Nc8 44. Rb5 Na7 45. Rb3 Kf6 46. Bd5 h6 47. Rb7 Rxb7 48. Bxb7 Nb5 49. Kf2 Ke7 50. Ke2 Kd7 51. Kd3 Kc7 52. Bd5 f6 53. Bf7 g5 54. Kc4 Na7 55. Be8 Nc8 56. Kd5 Kd8 57. Ba4 Ke7 58. Kc6 Kd8 59. g4 Ne7+ 60. Kd6 1-0

[Event "35. DSenEM 65+"]
[Site "Bad Wildungen"]
[Date "2023.07.25"]
[Round "9.35"]
[White "Wagner, Guenter"]
[Black "Pundt, Wilfried"]
[Result "0-1"]
[WhiteElo "1709"]
[BlackElo "1822"]
[PlyCount "78"]
[EventDate "2023.??.??"]
[WhiteTeam "SV 1946 Gross-Gerau"]
[BlackTeam "SK Bremen-Nord"]

1. Nf3 Nf6 2. g3 d6 3. d4 e6 4. Bg2 Be7 5. c4 O-O 6. O-O c5 7. e3 Nbd7 8. Nc3 Rb8 9. b3 a6 10. a4 b6 11. e4 Bb7 12. d5 e5 13. Bd2 Bc8 14. Nh4 Ne8 15. Nf5 Ndf6 16. Nxe7+ Qxe7 17. f4 Bg4 18. Qe1 Bc8 19. Rd1 Nd7 20. Bc1 f6 21. Bh3 exf4 22. Be6+ Kh8 23. gxf4 Nc7 24. f5 Ne5 25. Qh4 b5 26. Bf4 Qe8 27. Bxe5 fxe5 28. Rd3 Rf6 29. Rff3 bxc4 30. bxc4 Bxe6 31. dxe6 Qe7 32. Nd5 Nxd5 33. cxd5 Rg6+ 34. Rg3 Qxh4 35. fxg6 Qxe4 36. e7 Rb1+ 37. Kf2 Rb2+ 38. Kf1 Qe2+ 39. Kg1 Rb1+ 0-1

[Event "35. DSenEM 65+"]
[Site "Bad Wildungen"]
[Date "2023.07.25"]
[Round "9.36"]
[White "Brettschneider, Karl"]
[Black "Dolezal, Hans-Peter"]
[Result "1-0"]
[WhiteElo "1949"]
[BlackElo "1815"]
[PlyCount "141"]
[EventDate "2023.??.??"]
[WhiteTeam "SC Leinfelden"]
[BlackTeam "FC Bayern Muenchen e.V."]

1. c4 c5 2. Nc3 Nc6 3. g3 Nf6 4. Bg2 e6 5. e3 Be7 6. d4 cxd4 7. exd4 d5 8. cxd5 Nxd5 9. Nge2 Nxc3 10. bxc3 O-O 11. O-O Bf6 12. Be3 Bd7 13. Rb1 b6 14. Qd3 Rc8 15. Rfd1 Na5 16. Qa6 Ba4 17. Rd2 Qd7 18. d5 e5 19. Rb4 Be7 20. d6 Bxd6 21. Rxa4 Qxa4 22. Rxd6 Rc7 23. Rd2 Qc4 24. Qxc4 Nxc4 25. Rd5 Nxe3 26. fxe3 f6 27. Rd6 Kf7 28. Rd2 Ke7 29. Kf2 Rd8 30. Rxd8 Kxd8 31. Bd5 Ke7 32. e4 Kd6 33. Ke3 h6 34. Kd3 f5 35. c4 fxe4+ 36. Kxe4 Rc5 37. Nc3 Ke7 38. Kxe5 a6 39. a4 Rc7 40. h4 Kf8 41. Ne4 Ke7 42. Kf5 Kf8 43. Ke6 Rf7 44. Kd6 Rf1 45. Kc6 Rb1 46. Kb7 b5 47. axb5 axb5 48. Nc3 Rb3 49. Nxb5 Rxg3 50. c5 Rd3 51. Be4 Re3 52. Nd6 g5 53. h5 Rc3 54. c6 Ke7 55. Kc7 Rh3 56. Bg6 Rc3 57. Nf5+ Ke6 58. Nxh6 Rc1 59. Nf5 g4 60. Ng3 Rc3 61. Ne2 Re3 62. Nf4+ Ke5 63. Ng2 Re2 64. Nh4 g3 65. Kd8 Rd2+ 66. Ke7 g2 67. Nxg2 Rxg2 68. c7 Ra2 69. c8=Q Ra7+ 70. Kf8 Kd6 71. Qc2 1-0

[Event "35. DSenEM 65+"]
[Site "Bad Wildungen"]
[Date "2023.07.25"]
[Round "9.38"]
[White "Berger, Volkmar"]
[Black "Plewka, Manfred"]
[Result "1/2-1/2"]
[WhiteElo "1698"]
[BlackElo "1915"]
[PlyCount "33"]
[EventDate "2023.??.??"]
[WhiteTeam "Schachclub Senioren Cottbus"]
[BlackTeam "SV VHS Rendsburg"]

1. d4 d5 2. c4 c6 3. Nc3 Nf6 4. e3 Bf5 5. Bd3 Bxd3 6. Qxd3 e6 7. Nf3 Nbd7 8. O-O Be7 9. b3 O-O 10. Bb2 a6 11. c5 Qc7 12. b4 h6 13. h3 Rad8 14. Ne2 Ne4 15. Ne5 Nxe5 16. dxe5 f5 17. Nf4 1/2-1/2